000 00927nam a22002297a 4500
999 _c8508
_d8508
003 GBCCL
005 20241126110652.0
008 210310b ||||| |||| 00| 0 eng d
020 _a9781602582101 (hardcover : alk. paper)
020 _a1602582106 (hardcover : alk. paper)
040 _cGBC
082 _a501
_bTAU
100 _aTauber, Alfred I.
_914958
245 _aScience and the quest for meaning /
_cAlfred I. Tauber.
260 _aWaco, Tex. :
_bBaylor University Press,
_cc2009.
300 _axi, 255 p. ;
_b24 cm.
505 _aIntroduction: Concerning Scientific Reason1. What is Science?2. Nineteenth-century Positivism3. The Fall of Positivism4. The Science Wars5. Science in its Socio-Political ContextsConclusion: The Challenge of Coherence
650 _aScience
_vPhilosophy.
_914959
650 _aScience and the humanities.
_914960
650 _aPhilosophy, Modern
_v20th century.
_914961
942 _2ddc
_cBK